Southville International School and Colleges
Your cart is empty.
  • Cart
  • Lists
    Public lists Eva Luna New books Lux_list list_1
    Your lists Log in to create your own lists
  • Log in to your account
  • Your cookies
  • Search history
Southville International School and Colleges
  • Advanced search
  • Recent comments
  • Most popular
  • Libraries

Log in to your account

Log in with GOOGLE


If you do not have an external account, but do have a local account, you can still log in:

  1. Home
  2. MARC view: Ibong Adarna :
Normal view MARC view ISBD view

Ibong Adarna : (Record no. 292290)

[ view plain ]
MARC details
000 -LEADER
fixed length control field 00415nam a2200157Ia 4500
008 - FIXED-LENGTH DATA ELEMENTS--GENERAL INFORMATION
fixed length control field 160319s9999 xx 000 0 und d
020 ## - INTERNATIONAL STANDARD BOOK NUMBER
International Standard Book Number 9714805562
050 ## - LIBRARY OF CONGRESS CALL NUMBER
Item number Ab165i 2003
100 ## - MAIN ENTRY--PERSONAL NAME
Personal name Abueg, Efren R.
245 ## - TITLE STATEMENT
Title Ibong Adarna :
245 ## - TITLE STATEMENT
Remainder of title isang korido /
245 ## - TITLE STATEMENT
Statement of responsibility, etc Efren R. Abueg, Magdalena C. Sayas.
260 ## - PUBLICATION, DISTRIBUTION, ETC. (IMPRINT)
Name of publisher, distributor, etc Anvil Pub. Inc
260 ## - PUBLICATION, DISTRIBUTION, ETC. (IMPRINT)
Date of publication, distribution, etc 2003
700 ## - ADDED ENTRY--PERSONAL NAME
Personal name Sayas, Magdalena C., added author.
Holdings
Withdrawn status Lost status Damaged status Home library Current library Shelving location Date acquired Total Checkouts Full call number Barcode Date last seen Price effective from Koha item type
      Stonyhurst Southville International School (Batangas) Stonyhurst Southville International School (Batangas) Filipiniana Section 03/19/2016   Fic Ab165i 2003 US 2448 03/19/2016 03/19/2016 Books

Ibong Adarna :

APA

Abueg E. R., Sayas M. C. a. a., .Ibong Adarna. : Anvil Pub. Inc.

Chicago

Abueg Efren R, Sayas Magdalena C added author, .Ibong Adarna. : Anvil Pub. Inc.

Harvard

Abueg E. R., Sayas M. C. a. a., .Ibong Adarna. : Anvil Pub. Inc.

MLA

Abueg Efren R, Sayas Magdalena C added author, .: Anvil Pub. Inc. .

  • Place hold
  • Print
  • Cite
  • Add to your cart (remove)
  • Save record
    BIBTEX Dublin Core MARCXML MARC (non-Unicode/MARC-8) MARC (Unicode/UTF-8) MARC (Unicode/UTF-8, Standard) MODS (XML) RIS
  • More searches
    Search for this title in:
    Other Libraries (WorldCat) Other Databases (Google Scholar) Online Stores (Bookfinder.com) Open Library (openlibrary.org)

Exporting to Dublin Core...

SOUTHVILLE LIBRARY

Southville International School and Colleges Library

1281 Tropical Ave. Cor. Luxembourg St., BF Homes International, Las Pinas City

Tel. No. 8256374 / 252358 Loc. 117/146

Powered by Koha